|
|
|
|
| LEADER |
00000nam0a2200000 4500 |
| 001 |
191136 |
| 005 |
20231101224330.0 |
| 010 |
|
|
|a 9785941782581
|
| 035 |
|
|
|a (RuTPU)RU\TPU\book\208385
|
| 090 |
|
|
|a 191136
|
| 100 |
|
|
|a 20110202d2011 m y0rusy50 ca
|
| 101 |
0 |
|
|a rus
|
| 102 |
|
|
|a RU
|
| 105 |
|
|
|a a j 001zy
|
| 200 |
1 |
|
|a Экология
|e учебное пособие
|f В. Е. Болтнев
|
| 210 |
|
|
|a Старый Оскол
|c ТНТ
|d 2011
|
| 215 |
|
|
|a 352 с.
|c ил.
|
| 320 |
|
|
|a Библиогр.: с. 346.
|
| 330 |
|
|
|a Излагаются основные идеи и концепции экологии как фундаментальной научно-естественной дисциплины: вопросы общей (биосферной) экологии, вопросы прикладной экологии, рассматривающей проблемы разрушительного влияния на окружающую среду хозяйственной деятельности человека, а также некоторые аспекты социальной экологии, определяющей взаимосвязь экологической эволюции экосферы и социального развития человеческого общества. Учебное пособие предназначено для студентов, обучающихся по специальностям: 210101 «Физическая электроника», 220301 «Управление и информатика в технических системах», 230201 «Автоматизация технологических процессов и производств ».
|
| 606 |
1 |
|
|a Экология в целом
|2 stltpush
|3 (RuTPU)RU\TPU\subj\39023
|9 59264
|
| 606 |
1 |
|
|a Экология
|x (биологические науки)
|2 stltpush
|3 (RuTPU)RU\TPU\subj\67531
|9 83289
|
| 610 |
1 |
|
|a биосферная экология
|
| 610 |
1 |
|
|a экосистемы
|
| 610 |
1 |
|
|a экосфера
|
| 610 |
1 |
|
|a энергетика
|
| 610 |
1 |
|
|a круговорот
|
| 610 |
1 |
|
|a вещества
|
| 610 |
1 |
|
|a природа
|
| 610 |
1 |
|
|a экологические факторы
|
| 610 |
1 |
|
|a биокомпоненты
|
| 610 |
1 |
|
|a экологические проблемы
|
| 610 |
1 |
|
|a окружающая среда
|
| 610 |
1 |
|
|a загрязнение
|
| 610 |
1 |
|
|a население
|
| 610 |
1 |
|
|a здоровье
|
| 610 |
1 |
|
|a пища
|
| 610 |
1 |
|
|a народонаселение
|
| 610 |
1 |
|
|a здоровье
|
| 610 |
1 |
|
|a пища
|
| 610 |
1 |
|
|a народонаселение
|
| 610 |
1 |
|
|a ресурсы
|
| 610 |
1 |
|
|a энергетические проблемы
|
| 610 |
1 |
|
|a социальная экология
|
| 610 |
1 |
|
|a человечество
|
| 610 |
1 |
|
|a экологические кризисы
|
| 610 |
1 |
|
|a экосфера
|
| 610 |
1 |
|
|a учебные пособия
|
| 675 |
|
|
|a 504(075.8)
|v 3
|
| 675 |
|
|
|a 574(075.8)
|v 3
|
| 700 |
|
1 |
|a Болтнев
|b В. Е.
|g Валентин Егорович
|
| 801 |
|
1 |
|a RU
|b 63413507
|c 20110202
|
| 801 |
|
2 |
|a RU
|b 63413507
|c 20150420
|g RCR
|
| 900 |
|
|
|a Экология
|
| 942 |
|
|
|c BK
|
| 951 |
|
|
|b 210100
|b 220400
|b 220000
|
| 959 |
|
|
|a 18/20110131
|d 5
|e 275,00
|f УФ:4
|f ЧЗТЛ:1
|